ბათუმის შოთა რუსთაველის სახელმწიფო უნივერსიტეტის ბიბლიოთეკა

Дифференциальная геометрия (ბიბ.ჩანაწერი № 48158)

000 -LEADER
fixed length control field 00550nam a2200205Ia 4500
001 - CONTROL NUMBER
control field 15040
003 - CONTROL NUMBER IDENTIFIER
control field GE_BSU
008 - FIXED-LENGTH DATA ELEMENTS--GENERAL INFORMATION
fixed length control field 181216s||||||||xx |||||||||||||| ||und||
040 ## - CATALOGING SOURCE
Transcribing agency GE_BSU
080 ## - UNIVERSAL DECIMAL CLASSIFICATION NUMBER
Universal Decimal Classification number 514.77
100 ## - MAIN ENTRY--PERSONAL NAME
Personal name Выгодский,М.Я.
245 ## - TITLE STATEMENT
Title Дифференциальная геометрия
260 ## - PUBLICATION, DISTRIBUTION, ETC.
Place of publication, distribution, etc. М-Л
260 ## - PUBLICATION, DISTRIBUTION, ETC.
Name of publisher, distributor, etc. Гостехиздат
260 ## - PUBLICATION, DISTRIBUTION, ETC.
Date of publication, distribution, etc. 1949
300 ## - PHYSICAL DESCRIPTION
Extent 511стр.27см.
300 ## - PHYSICAL DESCRIPTION
Accompanying material Указатель стр.507
653 ## - INDEX TERM--UNCONTROLLED
Uncontrolled term Дифференциальная геометрия
942 ## - ADDED ENTRY ELEMENTS (KOHA)
Koha item type წიგნი
ეგზემპლარები
Withdrawn status Lost status Damaged status Not for loan Date acquired Barcode Date last seen Price effective from Koha item type
        2018-12-17 15488 2018-12-17 2018-12-17 წიგნი